000 00359nam a2200145Ia 4500
003 LK-CoDNM
008 010623t1923 xxu||||| |||| 00| 1 eng d
040 _aLK-CoDNM
_dLK-CoDNM
_eLK-CoDNM
041 _aeng
080 _a50
_bC6
245 _aSt.John's Church,Nugegoda Annual Parish Paper,1922-1923
260 _b?
_c1923
300 _b8P., 20 cm
942 _cBK
999 _c91570
_d91570